La personalidad

Αποθηκεύτηκε σε:
Λεπτομέρειες βιβλιογραφικής εγγραφής
Κύριος συγγραφέας: Filloux, Jean Claude (Συγγραφέας)
Μορφή: Βιβλίο
Γλώσσα:Ισπανικά
Έκδοση: Buenos Aires EUDEBA 1960
Σειρά:Colección cuadernos, 30
Θέματα:
Ετικέτες: Προσθήκη ετικέτας
Δεν υπάρχουν, Καταχωρήστε ετικέτα πρώτοι!

MARC

LEADER 00000nam a2200000 a 4500
001 UCY6224
003 CL-VaPUC
008 950521e19600000AG |||||||||||||||||spa|d
082 0 4 |a 155.2  |b FIL  |2 21 
100 0 |a Filloux, Jean Claude  |e author  |9 336062 
245 1 3 |a La personalidad 
300 |a 62 p 
942 |c BK 
945 |d 19950521 00:00:00  |a cmena 
260 |a Buenos Aires  |b EUDEBA  |c 1960 
650 0 |a Psicología   |9 257863 
650 0 |a Psicología individual  |9 309049 
650 0 |a Desarrollo individual   |9 307875 
650 0 |a Personalidad   |9 307255 
650 0 |a Cultura  |9 269059 
650 0 |a Comportamiento   |9 308406 
583 |a last modification  |c 19950521 00:00:00  |k Rodrigo Vera 
490 0 |a Colección cuadernos, 30 
999 |c 233804  |d 233802 
952 |0 0  |1 0  |4 0  |6 155_200000000000000_FIL_1960  |7 0  |8 P  |9 239559  |a BIBEDU  |b BIBEDU  |c BIBEDU_PB  |d 2019-11-18  |i 1507648  |o 155.2 FIL 1960  |p 1507648  |r 2024-01-25  |w 2019-11-18  |y BK  |k EDU